00386nam a2200145Ia 4500003000400000008004100004040001600045082002100061100001900082245003900101260003000140650002300170650001200193650003500205GCL140319s9999 xx 000 0 eng d aGCL / cGCL04aCHb372.216bF T1 aFROEBEL-KAN CO10aLET'S COUNT TEN / cFROEBEL-KAN CO a[S.N] : bFROEBEL- KAN CO04aSTUDY AND TEACHING04aREADING04aLANGUAGE - EXPERIENCE APPROACH